<?xml version="1.0" encoding="UTF-8"?>
<collection xmlns="http://www.loc.gov/MARC21/slim">
 <record>
  <leader>01009cam a2200265 7i4500</leader>
  <controlfield tag="001">0000054051</controlfield>
  <controlfield tag="005">20220120090000.0</controlfield>
  <controlfield tag="008">161122s2014                             </controlfield>
  <datafield tag="020" ind1=" " ind2=" ">
   <subfield code="a">9787152316968 (pbk) </subfield>
  </datafield>
  <datafield tag="040" ind1=" " ind2=" ">
   <subfield code="a">TSAM</subfield>
  </datafield>
  <datafield tag="090" ind1="0" ind2="0">
   <subfield code="a">RC523 </subfield>
   <subfield code="b">PAR 2014</subfield>
  </datafield>
  <datafield tag="100" ind1="1" ind2=" ">
   <subfield code="a">Luo Xiao Dong </subfield>
   <subfield code="e">author </subfield>
  </datafield>
  <datafield tag="245" ind1="1" ind2="0">
   <subfield code="a">Parkinson diseases : </subfield>
   <subfield code="b">clinical cases of renowed physician  </subfield>
   <subfield code="c">Luo Xioa Dong.</subfield>
  </datafield>
  <datafield tag="264" ind1=" " ind2="1">
   <subfield code="a">Beijing, China: </subfield>
   <subfield code="b">China Press of Traditional Medicine, </subfield>
   <subfield code="c">2014.</subfield>
  </datafield>
  <datafield tag="300" ind1=" " ind2=" ">
   <subfield code="a">xiv, 361 pages: </subfield>
   <subfield code="b">illustrations; </subfield>
   <subfield code="c">26 cm.</subfield>
  </datafield>
  <datafield tag="336" ind1=" " ind2=" ">
   <subfield code="a">text</subfield>
   <subfield code="2">rdacontent</subfield>
  </datafield>
  <datafield tag="337" ind1=" " ind2=" ">
   <subfield code="a">unmediated</subfield>
   <subfield code="2">rdamedia</subfield>
  </datafield>
  <datafield tag="338" ind1=" " ind2=" ">
   <subfield code="a">volume</subfield>
   <subfield code="2">rdacarrier</subfield>
  </datafield>
  <datafield tag="504" ind1="0" ind2="0">
   <subfield code="a">Includes bibliographical references and index</subfield>
  </datafield>
  <datafield tag="505" ind1="0" ind2="0">
   <subfield code="a">&quot;Neurorehabilitation in Parkinson's Disease:</subfield>
  </datafield>
  <datafield tag="650" ind1="1" ind2="0">
   <subfield code="a">Chinese Traditional Medicine -- </subfield>
   <subfield code="x">Parkinson's disease -- </subfield>
   <subfield code="x">Rehabilitation -- </subfield>
   <subfield code="y">Patients </subfield>
  </datafield>
  <datafield tag="650" ind1="1" ind2="0">
   <subfield code="a">ETCM difference schll of Thoughts </subfield>
  </datafield>
  <datafield tag="650" ind1="1" ind2="0">
   <subfield code="a">Evidence-Based Medicine </subfield>
  </datafield>
  <datafield tag="650" ind1="1" ind2="0">
   <subfield code="a">Parkinson Disease -- </subfield>
   <subfield code="x">rehabilitation </subfield>
  </datafield>
  <datafield tag="901" ind1=" " ind2=" ">
   <subfield code="u">http://www.cptcm.com</subfield>
  </datafield>
 </record>
</collection>
